000 00640nam a22002057a 4500
005 20251108175913.0
008 250721s2022 xx 000 0 ara d
082 1 4 _a371.1024/صرا
100 1 _aالصرايرة، إياد
245 1 0 _aالإدارة الصفية معايير الجودة /
264 1 _aعمان :
_bزمزم ناشرون و موزعون،
_c2022.
300 _a280ص.
650 1 7 _aالسياسة التربوية
650 1 7 _aالادارة الصفية
650 1 7 _aمهارات الاتصال
650 1 7 _aالمدرسون
700 1 _aعضيبات، أنس
942 _2ddc
_cBK
999 _c145166
_d145166